000 00604nam a2200217Ia 4500
003 OSt
005 20220928145606.0
006 a|||||r|||| 00| 0
007 ta
008 220927b |||||||| |||| 00| 0 eng d
024 _a81330
037 _cTextual
040 _aSDCL
_cSDCL
_beng
041 _2eng
_aeng
082 _aO113,3M75:g, L3
100 _aBerendsohn Walter E
_9513533
245 0 _aThomas Mann
_b Artist and partisan in troubled times. Tr by George C Buck.
260 _c1973
942 _hO113,3M75:g, L3
_cTEXL
_2CC
999 _c834188
_d834188